Statistics for Guess the African Languages on the Map

Click here to take the quiz!

General Stats

  • This quiz has been taken 812 times
  • The average score is 9 of 13

Answers on the Map

Answers color-coded by a green-red scale on the quiz's map according to % correct below.
 

Answer Stats

L1L2FamilySampleLanguage% Correct
7.2 mil3.1 milGermanic
(Indo-European)
Alle menslike wesens word vry,
met gelyke waardigheid en regte,
gebore. Hulle het rede en gewete en
behoort in die gees van broederskap
teenoor mekaar op te tree.
Afrikaans
97%
22 mil4.0 milSemetic
(Afro-Asiatic)
የሰው፡ልጅ፡ሁሉ፡ሲወለድ፡ነጻና፡በክብርና፡በመ
ብትም፡እኩልነት፡ያለው፡ነው።፡የተፈጥሮ፡ማ
ስተዋልና፡ሕሊና፡ስላለው፡አንዱ፡ሌላውን፡በወን
ድማማችነት፡መንፈስ፡መመልከት፡ይገባዋል።
Amharic
88%
16 mil?Cushitic
(Afro-Asiatic)
Aadanaha dhammaantiis wuxuu
dhashaa isagoo xor ah kana siman
xagga sharafta iyo xuquuqada.
Waxaa Alle (Ilaah) siiyay aqoon iyo
wacyi, waana in qof la arkaa qofka
kale ula dhaqmaa si walaaltinimo ah.
Somali
88%
-<16 milBerber
(Afro-Asiatic)
ⵉⵎⴷⴰⵏⴻⵏ, ⴰⴽⴽⴻⵏ ⵎⴰ ⵍⵍⴰⵏ ⵜⵜⵍⴰⵍⴻⵏ ⴷ
ⵉⵍⴻⵍⵍⵉⵢⴻⵏ ⵎⵙⴰⵡⴰⵏ ⴷⵉ ⵍⵃⵡⴻⵕⵎⴰ
ⴷ ⵢⵉⵣⴻⵔⴼⴰⵏ-ⵖⵓⵔ ⵙⴻⵏ ⵜⴰⵎⵙⴰⴽⵡⵉⵜ ⴷ
ⵍⴰⵇⵓⴻⵍ ⵓ ⵢⴻⵙⵙⴻⴼⴽ ⴰⴷ-ⵜⵉⵍⵉ
ⵜⴻⴳⵎⴰⵜⵜ ⴳⴰⵔ ⴰⵙⴻⵏ.
Standard Tamazight
80%
>2.0 mil>90 milBantu
(Niger-Congo)
Watu wote wamezaliwa huru, hadhi na
haki zao ni sawa. Wote wamejaliwa
akili na dhamiri, hivyo yapasa
watendeane kindugu.
Swahili
79%
25 mil?Malayo-Polynesian
(Austronesian)
Teraka afaka sy mitovy zo sy
fahamendrehana ny olombelona rehetra.
Samy manan-tsaina sy fieritreretana ka
tokony hifampitondra ampirahalahiana.
Malagasy
78%
8.2 mil11 milBantu
(Niger-Congo)
Bonke abantu bazalwa bekhululekile
belingana ngesidima nangokweemfanelo.
Bonke abantu banesiphiwo sesazela
nesizathu sokwenza isenzo ongathanda
ukuba senziwe kumzalwane wakho.
Xhosa
76%
50 mil?Volta-Niger
(Niger-Congo)
Gbogbo ènìyàn ni a bí ní òmìnira; iyì àti
ẹ̀tọ́ kọ̀ọ̀kan sì dọ́gba. Wọ́n ní ẹ̀bùn ti
làákàyè àti ti ẹ̀rí-ọkàn, ó sì yẹ kí wọn ó
máa hùwà sí ara wọn gẹ́gẹ́ bí ọmọ ìyá.
Yoruba
72%
80 mil20 milChadic
(Afro-Asiatic)
Su dai yan-adam, ana haifuwarsu
ne duka yantattu, kuma kowannensu
na da mutunci da hakkoki daidai da
na kowa. Suna da hankali da tunani,
saboda haka duk abin da za su aikata
wa juna, ya kamata su yi shi
a cikin yan-uwanci.
Hausa
63%
extinct<300Egyptian
(Afro-Asiatic)
ⲥⲟⲩⲙⲟⲥⲉ ⲣⲱⲙⲉ ⲛⲓⲙ ⲉⲩϣⲏϣ ⲉ
ⲛⲉⲩⲉⲣⲏⲩ ϩⲛ ⲟⲩⲇⲓⲕⲁⲓⲟⲥⲩⲛⲏ.
ⲟⲩⲛ ϭⲟⲙ ⲙⲙⲟⲩ ⲉⲧⲣⲉⲩⲙⲉⲉⲩⲉ ⲁⲩⲱ ϣϣⲉ
ⲉⲧⲣⲉⲩⲣ-ⲙⲛⲧⲙⲁⲓⲥⲟⲛ.
Coptic
51%
11 mil?Bantu
(Niger-Congo)
Vanhu vese vanoberekwa
vakasununguka uyewo vakaenzana
pahunhu nekodzero dzavo. Vanhu vese
vanechipo chokufunga nekuziva chakaipa
nechakanaka saka vanofanira kubatana
nomweya wohusahwira.
Shona
47%
5.4 mil?Senegambian
(Niger-Congo)
Doomi aadama yépp danuy juddu, yam
ci tawfeex ci sag ak sañ-sañ. Nekk na it
ku xam dëgg te ànd na ak xelam, te
war naa jëflante ak nawleen, te teg ko
ci wàllu mbokk.
Wolof
45%
15 mil25 milBantu
(Niger-Congo)
Bato nyonso na mbotama bazali nzomi
pe bakokani na limemya pe makoki.
Bazali na mayele pe base, geli kofanda
na bondeko okati na bango.
Lingala
33%

Score Distribution

Percentile by Number Answered

Percent of People with Each Score

Your Score History

You have not taken this quiz